Mathematics for international students : (Record no. 283879)
[ view plain ]
| 000 -LEADER | |
|---|---|
| fixed length control field | 01032nam a22001817a 4500 |
| 003 - CONTROL NUMBER IDENTIFIER | |
| control field | PILC |
| 005 - DATE AND TIME OF LATEST TRANSACTION | |
| control field | 20151105155143.0 |
| 008 - FIXED-LENGTH DATA ELEMENTS--GENERAL INFORMATION | |
| fixed length control field | 150507b xxu||||| |||| 00| 0 eng d |
| 020 ## - INTERNATIONAL STANDARD BOOK NUMBER | |
| International Standard Book Number | 978-1-921972-34-8 |
| 050 ## - LIBRARY OF CONGRESS CALL NUMBER | |
| Classification number | QA 273 |
| Item number | .Q7di 2014 |
| 100 ## - MAIN ENTRY--PERSONAL NAME | |
| Personal name | Quinn, Catherine |
| 245 ## - TITLE STATEMENT | |
| Title | Mathematics for international students : |
| Remainder of title | mathematics HL options : discrete mathematics |
| Statement of responsibility, etc | by Catherine Quinn, Peter Blythe, Chris Sangwin, Robert Haese and Michael Haese. |
| 260 ## - PUBLICATION, DISTRIBUTION, ETC. (IMPRINT) | |
| Place of publication, distribution, etc | Australia |
| Name of publisher, distributor, etc | Haese & Harris Publications |
| Date of publication, distribution, etc | 2014 |
| 300 ## - PHYSICAL DESCRIPTION | |
| Extent | 237 pages., |
| Other physical details | color illustrations., |
| Dimensions | ; 21 cm |
| 650 ## - SUBJECT ADDED ENTRY--TOPICAL TERM | |
| Source of heading or term | discrete mathematics |
| Topical term or geographic name as entry element | mathematical induction -- recurrence relations -- divisibility,prime numbers and division of algorithm -- GCD,LCM and Euclidean algorithm -- prime numbers -- congruences -- chinese remainder theorem -- fermat's little theorem -- pigeonhole principles -- dirichlet's principle -- |
| 700 ## - ADDED ENTRY--PERSONAL NAME | |
| Personal name | Blythe, Peter., Sangwin, Chris., Haese, Robert., Haese, Michael |
| 942 ## - ADDED ENTRY ELEMENTS (KOHA) | |
| Source of classification or shelving scheme | Library of Congress Classification |
| Koha item type | Books |
| Classification part | QA 273 .Q7di 2014 |
| Withdrawn status | Lost status | Source of classification or shelving scheme | Damaged status | Home library | Current library | Shelving location | Date acquired | Source of acquisition | Total Checkouts | Full call number | Barcode | Date last seen | Price effective from | Koha item type | Total Renewals | Date checked out |
|---|---|---|---|---|---|---|---|---|---|---|---|---|---|---|---|---|
| Library of Congress Classification | Luxembourg Library | Luxembourg Library | International Baccalaureate Section | 05/07/2015 | Donation | QA 273 .Q7di 2014 | IB0193 | 05/07/2015 | 05/07/2015 | Books | ||||||
| Library of Congress Classification | Luxembourg Library | Luxembourg Library | International Baccalaureate Section | 05/07/2015 | Donation | 2 | QA 273 .Q7di 2014 | IB0194 | 01/12/2018 | 05/07/2015 | Books | 10 | 11/29/2017 |